Loading...
| Philosophy | 0 | 3 | 0 | 1 | 30 | 101 | 115.67 | 0 | 0 |
| Literature - World Literature | 0 | 2 | 0 | 0 | 20 | 139 | 140.00 | 0 | 1 |
| Literature - American Literature | 0 | 1 | 0 | 1 | 10 | 150 | 150.00 | 0 | 0 |
| Visual Arts | 0 | 1 | 0 | 0 | 10 | 121 | 121.00 | 0 | 0 |
| History - Ancient History | 0 | 1 | 0 | 0 | 10 | 127 | 127.00 | 0 | 0 |
| Social Science | 0 | 1 | 0 | 0 | 10 | 106 | 106.00 | 0 | 1 |
| Auditory Arts | 0 | 1 | 0 | 1 | 10 | 119 | 119.00 | 0 | 0 |
| Science - Biology | 0 | 2 | 2 | 1 | 10 | 70 | 95.50 | 1 | 1 |
| Science - Chemistry | 0 | 1 | 0 | 0 | 10 | 116 | 116.00 | 0 | 0 |
| Science - Other Science | 0 | 1 | 0 | 1 | 10 | 91 | 91.00 | 0 | 0 |
| Literature - European Literature | 0 | 0 | 0 | 0 | 0 | 0.00 | 0 | 0 | |
| Science - Physics | 0 | 0 | 1 | 0 | -5 | 0.00 | 0 | 0 |